THE INTERNET OF THINGS: Enabling technologies platform and use cases (Record no. 8888)

MARC details
000 -LEADER
fixed length control field 00468nam a22001697a 4500
005 - DATE AND TIME OF LATEST TRANSACTION
control field 20251010120756.0
008 - FIXED-LENGTH DATA ELEMENTS--GENERAL INFORMATION
fixed length control field 251008b |||||||| |||| 00| 0 eng d
020 ## - INTERNATIONAL STANDARD BOOK NUMBER
ISBN 978103250
041 ## - LANGUAGE CODE
Language code of text/sound track or separate title eng
082 ## - DEWEY DECIMAL CLASSIFICATION NUMBER
Classification number 4.6482RAJ-I
100 ## - MAIN ENTRY--AUTHOR NAME
Personal name RAJ, PETHURU AND RAMAN,ANUPAMA C.
245 ## - TITLE STATEMENT
Title THE INTERNET OF THINGS: Enabling technologies platform and use cases
260 ## - PUBLICATION, DISTRIBUTION, ETC. (IMPRINT)
Place of publication BOCA RATON
Name of publisher CRC PRESS
Year of publication 2017
300 ## - PHYSICAL DESCRIPTION
Number of Pages 364;P
650 ## - SUBJECT ADDED ENTRY--TOPICAL TERM
Topical Term CS AND IT
942 ## - ADDED ENTRY ELEMENTS (KOHA)
Koha item type Books
Holdings
Lost status Damaged status Collection code Home library Current library Date acquired Source of acquisition Cost, normal purchase price Full call number Accession Number Koha item type
    CS/IT JRU Library JRU Library 08/10/2025 PURCHASE 15730.00 004.6482 28948 Books